'S' Logos Quiz Stats

Quiz Updated Mar 28, 2016

Also try: 'K' Logos
Challenge
Share
Tweet
Score 0/24 Timer 05:00
4 Plays Today
% Correct
Superman
99.2%
Subway
98.8%
Shell
98.6%
Starbucks
98.5%
Sprite
93%
Samsung
91.2%
Skype
88.6%
Sesame Street
87.9%
Sporcle, Inc.
80.7%
Showtime
77.2%
Snapchat
77.1%
Staples
71.3%
% Correct
Pittsburgh Steelers
70.5%
Suzuki
68.6%
Samuel Adams
67.2%
New Orleans Saints
66.7%
Sprint
65.2%
Spotify
64.3%
SoundCloud
57.9%
Schweppes
54.4%
Stanford University
48.7%
Sun Microsystems
48.7%
Skullcandy
45.3%
Slazenger
27.4%

You're not logged in!

Compare scores with friends on all Sporcle quizzes.
Sign Up with Email
OR
Log In

You Might Also Like...

Show Comments

Extras

Top Quizzes Today


Score Distribution

Your Account Isn't Verified!

In order to create a playlist on Sporcle, you need to verify the email address you used during registration. Go to your Sporcle Settings to finish the process.